000
00299nam a2200121 a 4500
008
110427s1967|||| d
245
1
0
_a
Príruční slovník náučný IV S-Ž
020
_c
90
044
_a
CZ
041
_a
cze
260
_c
1967
_b
ACADEMIA
_a
Praha
100
1
_a
Procházka, Vladimír
999
_c
17720
_d
17720